[Event "Frankfurt Ch 2014"]
[Site "Ffm-Höchst, BiKuZ"]
[Date "2014.05.19"]
[Round "4.29"]
[White "Miller, Justin"]
[Black "Kropp, Volker"]
[Result "1/2-1/2"]
[WhiteElo "1634"]
[BlackElo "1892"]
[PlyCount "64"]
[EventDate "2014.??.??"]
[WhiteTeam "Sfr.1932 Kelkheim"]
[BlackTeam "SV Mainz-Mombach"]

1. e4 c5 2. Nf3 Nc6 3. d4 cxd4 4. Nxd4 Nf6 5. Nc3 e5 6. Ndb5 d6 7. Bg5 a6 8.
Na3 b5 9. Nd5 Be7 10. Bxf6 Bxf6 11. c4 Bg5 12. cxb5 Qa5+ 13. Nc3 Nd4 14. Bd3
O-O 15. O-O g6 16. Nc4 Qd8 17. bxa6 Bxa6 18. Nd5 f5 19. f3 Kh8 20. b4 Ra7 21.
a4 Raf7 22. b5 Bb7 23. Ncb6 Nxb5 24. axb5 Be3+ 25. Nxe3 Qxb6 26. Qd2 f4 27.
Rfe1 Rc7 28. Kh1 fxe3 29. Qxe3 Rc5 30. h3 Kg7 31. Kh2 Rf7 32. Rf1 Rxb5 1/2-1/2

[Event "Frankfurt Ch 2014"]
[Site "Ffm-Höchst, BiKuZ"]
[Date "2014.05.19"]
[Round "4.30"]
[White "Rolf, Marco"]
[Black "Fischer, Lutz"]
[Result "1-0"]
[WhiteElo "1872"]
[BlackElo "1671"]
[PlyCount "99"]
[EventDate "2014.??.??"]
[WhiteTeam "SK Bad Homburg 1927"]
[BlackTeam "SF Frankfurt 1921"]

1. e4 c5 2. Nf3 e6 3. d4 cxd4 4. Nxd4 Nc6 5. Be3 Qc7 6. Nc3 a6 7. Qd2 Nf6 8.
O-O-O b5 9. f3 Bb7 10. Nb3 Ne5 11. Bf4 Rc8 12. Kb1 Bb4 13. Nxb5 axb5 14. Bxe5
Bxd2 15. Bxc7 Rxc7 16. Rxd2 b4 17. Rd4 d5 18. Rxb4 dxe4 19. Na5 Bc8 20. Bb5+
Ke7 21. Nc6+ Kd6 22. fxe4 Kc5 23. a4 Bb7 24. Rc4+ Kb6 25. Ne5 Bxe4 26. a5+ Kb7
27. Ba6+ Kb8 28. b4 Rd8 29. Re1 Bxg2 30. Rg1 Rd2 31. Kc1 Rf2 32. Rxg2 Rxg2 33.
Nc6+ Ka8 34. b5 Nd7 35. b6 Rxc6 36. Rxc6 Rg1+ 37. Kb2 Rg5 38. Rc8+ Nb8 39. c4
Rxa5 40. Bb5 Kb7 41. Rf8 Kxb6 42. Rxb8+ Kc5 43. Rb7 Kb4 44. Rxf7 Ra3 45. Rxg7
Rh3 46. Rg2 Rb3+ 47. Kc1 Ra3 48. Re2 Kc3 49. Re3+ Kb4 50. Rxa3 1-0

[Event "Frankfurt Ch 2014"]
[Site "Ffm-Höchst, BiKuZ"]
[Date "2014.05.19"]
[Round "4.31"]
[White "Barisch, Florian"]
[Black "Wagner, Günter"]
[Result "1/2-1/2"]
[WhiteElo "1822"]
[BlackElo "1634"]
[PlyCount "51"]
[EventDate "2014.??.??"]
[WhiteTeam "SF Anderssen Wetzlar"]
[BlackTeam "SV 1946 Groß-Gerau"]

1. d4 Nf6 2. c4 g6 3. Nc3 d5 4. Bf4 Bg7 5. e3 O-O 6. Nf3 c5 7. Be2 Nc6 8. O-O
dxc4 9. dxc5 Qa5 10. Qa4 Qxc5 11. Qxc4 Qxc4 12. Bxc4 Bg4 13. Ne5 Rac8 14. Bb5
Nxe5 15. Bxe5 Rfd8 16. h3 Bf5 17. Rad1 Bc2 18. Rd4 a6 19. Be2 b5 20. Rc1 Bf5
21. Rcd1 Rxd4 22. Rxd4 Be6 23. a3 Nd7 24. Bxg7 Kxg7 25. Bf3 Rc7 26. a4 1/2-1/2

[Event "Frankfurt Ch 2014"]
[Site "Ffm-Höchst, BiKuZ"]
[Date "2014.05.19"]
[Round "4.32"]
[White "Balzereit, Georg"]
[Black "Cors, Heinz-Friedrich"]
[Result "1/2-1/2"]
[WhiteElo "1632"]
[BlackElo "1811"]
[PlyCount "53"]
[EventDate "2014.??.??"]
[WhiteTeam "vereinslos"]
[BlackTeam "Schachforum Darmstadt 1994"]

1. e4 e5 2. Nf3 Nc6 3. d4 exd4 4. c3 d5 5. exd5 Qxd5 6. cxd4 Bb4+ 7. Nc3 Bg4 8.
Be2 Bxf3 9. Bxf3 Qc4 10. Bxc6+ bxc6 11. Qf3 Nf6 12. Bg5 O-O 13. Bxf6 gxf6 14.
O-O-O Bxc3 15. bxc3 Rfe8 16. Rd2 Re6 17. Rhd1 Rb8 18. d5 cxd5 19. Rxd5 Rbe8 20.
R5d2 Qa4 21. Qg3+ Kh8 22. Qxc7 Rc6 23. Qg3 Qa3+ 24. Kb1 Rxc3 25. Qd6 Qxd6 26.
Rxd6 Rb8+ 27. Ka1 1/2-1/2

[Event "Frankfurt Ch 2014"]
[Site "Ffm-Höchst, BiKuZ"]
[Date "2014.05.19"]
[Round "4.33"]
[White "Gutacker, Stephan"]
[Black "Winter, Olaf"]
[Result "1-0"]
[WhiteElo "1811"]
[BlackElo "1605"]
[PlyCount "51"]
[EventDate "2014.??.??"]
[WhiteTeam "Sfr.1932 Kelkheim"]
[BlackTeam "SK Bad Homburg 1927"]

1. e4 c5 2. Nf3 Nc6 3. c3 e6 4. d4 cxd4 5. cxd4 d6 6. Nc3 a6 7. Bd3 Nge7 8. O-O
h6 9. Re1 d5 10. exd5 Nxd5 11. Nxd5 Qxd5 12. Be4 Qd7 13. d5 Nd8 14. Ne5 Qc7 15.
Bf4 Bd6 16. Qd4 O-O 17. Rac1 Qe7 18. Bb1 Re8 19. Qd3 f5 20. Qg3 Bb4 21. Red1 g5
22. h4 Kh7 23. hxg5 hxg5 24. Bxg5 Qg7 25. Qh4+ Kg8 26. Bf6 1-0

[Event "Frankfurt Ch 2014"]
[Site "Ffm-Höchst, BiKuZ"]
[Date "2014.05.19"]
[Round "4.34"]
[White "Hochmuth, Christian"]
[Black "Marchese, Eric"]
[Result "1-0"]
[WhiteElo "1770"]
[BlackElo "1458"]
[PlyCount "114"]
[EventDate "2014.??.??"]
[WhiteTeam "SG Wächtersbach/Sotzbach"]
[BlackTeam "SC Matt im Park Ffm"]

1. c4 Nf6 2. Nc3 e5 3. d3 h6 4. g3 d5 5. cxd5 Nxd5 6. Bg2 Nxc3 7. bxc3 Nc6 8.
Qb3 Bc5 9. Nf3 O-O 10. O-O Bb6 11. Bb2 Be6 12. Qa4 f5 13. d4 Qf6 14. Nxe5 Nxe5
15. dxe5 Qxe5 16. Bxb7 Rab8 17. Qc6 Rxb7 18. Qxb7 Bd5 19. c4 Bxb7 20. Bxe5 Re8
21. Bc3 Rxe2 22. Rad1 Rxa2 23. Rd8+ Kf7 24. Rd7+ Ke8 25. Rxg7 Kf8 26. Rh7 Bf3
27. c5 Bxc5 28. Rxc7 Bb6 29. Bb4+ Kg8 30. Rc8+ Kh7 31. Rc3 Be2 32. Re1 Ba6 33.
Bc5 Ba5 34. Re7+ Kg6 35. Rc1 Bd2 36. Rd1 Bg5 37. Rxa7 Kh5 38. h3 Rc2 39. Bd4
Rc4 40. Be5 Bb5 41. f4 Bh4 42. gxh4 Kxh4 43. Rh7 Kxh3 44. Rxh6+ Kg4 45. Kf2
Rc2+ 46. Ke3 Re2+ 47. Kd4 Re4+ 48. Kc5 Be2 49. Rg1+ Kf3 50. Rg5 Rc4+ 51. Kd5
Re4 52. Rxf5 Bc4+ 53. Kc5 Bd3 54. Rh3+ Kg4 55. Rxd3 Kxf5 56. Rd6 Re2 57. Rf6+
Ke4 1-0

[Event "Frankfurt Ch 2014"]
[Site "Ffm-Höchst, BiKuZ"]
[Date "2014.05.19"]
[Round "4.35"]
[White "Göbel, Andreas"]
[Black "Bergner, Matthias"]
[Result "1-0"]
[WhiteElo "1900"]
[BlackElo "1557"]
[PlyCount "77"]
[EventDate "2014.??.??"]
[WhiteTeam "SC Brett vorm Kopp Ffm"]
[BlackTeam "SV 1926 Neu-Isenburg"]

1. Nf3 d5 2. g3 Nf6 3. Bg2 e6 4. O-O Be7 5. c4 O-O 6. b3 c6 7. Bb2 Nbd7 8. d4
b6 9. Nbd2 Bb7 10. Rc1 Rc8 11. Re1 dxc4 12. Nxc4 c5 13. e3 cxd4 14. Bxd4 Bc5
15. Bb2 Bb4 16. Re2 b5 17. Nd6 Rxc1 18. Bxc1 Bxd6 19. Qxd6 Qb6 20. Qd1 Rc8 21.
Bb2 Nd5 22. Bd4 Qc7 23. Rd2 a6 24. Bb2 f6 25. Nd4 Nf8 26. Nxe6 Nxe6 27. Bxd5
Bxd5 28. Rxd5 Rd8 29. Ba3 Rxd5 30. Qxd5 Kf7 31. Qh5+ g6 32. Qxh7+ Ng7 33. Qh8
Ne6 34. Qa8 Qd7 35. Bb4 Qd1+ 36. Kg2 Qd7 37. e4 Ng5 38. Qf8+ Ke6 39. Qg8+ 1-0

[Event "Frankfurt Ch 2014"]
[Site "Ffm-Höchst, BiKuZ"]
[Date "2014.05.19"]
[Round "4.36"]
[White "Raquet, Helmut"]
[Black "Hierling, Stefan"]
[Result "1/2-1/2"]
[WhiteElo "1662"]
[BlackElo "1926"]
[PlyCount "56"]
[EventDate "2014.??.??"]
[WhiteTeam "SC 1961 König Nied"]
[BlackTeam "VSG 1880 Offenbach"]

1. d4 d5 2. c4 c6 3. e3 Nf6 4. Nc3 g6 5. Nf3 Bg7 6. Bd3 O-O 7. h3 Nbd7 8. cxd5
cxd5 9. Qb3 e6 10. Bd2 a6 11. Rc1 b5 12. a4 bxa4 13. Nxa4 Ne4 14. Bb4 Rb8 15.
Qa3 Re8 16. Bxe4 dxe4 17. Nd2 Nf6 18. Bd6 Bf8 19. Bxf8 Rxf8 20. Nc5 Qb6 21. b3
Qb4 22. Qa2 Ra8 23. O-O Bb7 24. Nxb7 Qxb7 25. Rc4 Nd5 26. Nxe4 Rfb8 27. Nc5 Qb5
28. Qd2 a5 1/2-1/2

[Event "Frankfurt Ch 2014"]
[Site "Ffm-Höchst, BiKuZ"]
[Date "2014.05.19"]
[Round "4.37"]
[White "Jeß, Geralf"]
[Black "Kulenovic, Adnan"]
[Result "0-1"]
[WhiteElo "1611"]
[BlackElo "1913"]
[PlyCount "42"]
[EventDate "2014.??.??"]
[WhiteTeam "SC Matt im Park Ffm"]
[BlackTeam "SC Springer Rodenbach"]

1. e4 e6 2. d4 d5 3. exd5 exd5 4. Nf3 Bd6 5. Nc3 c6 6. Bg5 f6 7. Bh4 Bg4 8. Be2
Ne7 9. Bg3 O-O 10. Bxd6 Qxd6 11. Qd2 b5 12. h3 Be6 13. O-O-O Nd7 14. g4 Nb6 15.
g5 b4 16. Nb1 Nc4 17. Bxc4 dxc4 18. c3 Bd5 19. Qe2 fxg5 20. Nbd2 bxc3 21. Ne4
Qf4+ 0-1

[Event "Frankfurt Ch 2014"]
[Site "Ffm-Höchst, BiKuZ"]
[Date "2014.05.19"]
[Round "4.38"]
[White "Rutsatz, Mario"]
[Black "Imelmann, Esther"]
[Result "1-0"]
[WhiteElo "1896"]
[BlackElo "1662"]
[PlyCount "107"]
[EventDate "2014.??.??"]
[WhiteTeam "SF Frankfurt 1921"]
[BlackTeam "Vorw.Orient Mainz"]

1. d4 d5 2. c4 e6 3. Nc3 Nf6 4. cxd5 exd5 5. Bg5 Be7 6. e3 c6 7. Bd3 Bg4 8. Qb3
Qb6 9. f3 Bh5 10. Nge2 Bg6 11. Nf4 Nbd7 12. Nxg6 hxg6 13. Qxb6 Nxb6 14. O-O Bd6
15. h3 Rh5 16. f4 O-O-O 17. Be2 Rhh8 18. Rae1 Rde8 19. f5 Bg3 20. Rc1 Ne4 21.
Nxe4 Rxe4 22. Bd3 Ree8 23. Rf3 Bd6 24. fxg6 f6 25. Bf4 Kc7 26. b4 a6 27. Rf2
Re7 28. Rfc2 Rh4 29. Bxd6+ Kxd6 30. Bxa6 Rxe3 31. Bxb7 Nc4 32. Ba6 Rxd4 33.
Bxc4 Rxc4 34. Rxc4 dxc4 35. Rxc4 Rg3 36. a4 Rxg6 37. a5 Rg3 38. Rd4+ Kc7 39.
Rg4 Rb3 40. Rxg7+ Kd6 41. Rg4 f5 42. Rc4 Kd5 43. Rc5+ Ke4 44. Rxc6 Rxb4 45.
Re6+ Kf4 46. Rg6 Ke3 47. Rg3+ Kf4 48. Rf3+ Kg5 49. Ra3 Rb8 50. a6 Kh4 51. a7
Ra8 52. Kf2 f4 53. Kf3 Kg5 54. Ra5+ 1-0

[Event "Frankfurt Ch 2014"]
[Site "Ffm-Höchst, BiKuZ"]
[Date "2014.05.19"]
[Round "4.39"]
[White "Geringer, Waldemar"]
[Black "Jung, Bernd"]
[Result "1-0"]
[WhiteElo "1858"]
[BlackElo "1618"]
[PlyCount "89"]
[EventDate "2014.??.??"]
[WhiteTeam "SSG Rödermark/Eppertshausen"]
[BlackTeam "Sfr.Erbach"]

1. d4 Nf6 2. c4 e5 3. dxe5 Ng4 4. Bf4 Nc6 5. Nf3 Bb4+ 6. Nbd2 Qe7 7. e3 Ngxe5
8. Nxe5 Nxe5 9. Be2 O-O 10. O-O Bxd2 11. Qxd2 d6 12. Rac1 Ng6 13. Bg3 Ne5 14.
b4 b6 15. c5 dxc5 16. bxc5 Rd8 17. Qc3 Rd5 18. cxb6 cxb6 19. Qxc8+ Rxc8 20.
Rxc8+ Rd8 21. Rxd8+ Qxd8 22. Bxe5 h6 23. Rd1 Qe7 24. Bd6 Qe6 25. a3 Qb3 26. h3
Qb2 27. Bf3 Qc2 28. Be7 Qc4 29. g4 Qe6 30. Bb4 Qc4 31. Rd8+ Kh7 32. Rd4 Qc7 33.
Be4+ g6 34. Bd6 Qd7 35. Bg3 Qe7 36. a4 Qe6 37. Bd5 Qd7 38. Bb3 Qc6 39. Bxf7 b5
40. axb5 Qxb5 41. Rd6 g5 42. Be6 a5 43. Rd7+ Kg6 44. Bf5+ Kf6 45. e4 1-0

[Event "Frankfurt Ch 2014"]
[Site "Ffm-Höchst, BiKuZ"]
[Date "2014.05.19"]
[Round "4.40"]
[White "Gude, Michael"]
[Black "Stock, Jürgen"]
[Result "1-0"]
[WhiteElo "1587"]
[BlackElo "1780"]
[PlyCount "53"]
[EventDate "2014.??.??"]
[WhiteTeam "SF Fürth 1951 e.V."]
[BlackTeam "SC Eschborn 1974"]

1. e4 e6 2. Nf3 d5 3. exd5 exd5 4. d4 Bd6 5. Be3 Ne7 6. Bd3 Nbc6 7. a3 Bg4 8.
h3 Bh5 9. Nc3 a6 10. Qe2 Qd7 11. g4 Bg6 12. Bxg6 fxg6 13. O-O-O O-O 14. Rhe1 b5
15. Bg5 Bf4+ 16. Bxf4 Rxf4 17. Ne5 Qd6 18. Nxc6 Nxc6 19. Qe3 Raf8 20. Qg3 Nxd4
21. Rd2 c5 22. Red1 Qf6 23. Nxd5 Qg5 24. Nxf4 Rxf4 25. Qe3 h6 26. Kb1 Qf6 27.
c3 1-0

[Event "Frankfurt Ch 2014"]
[Site "Ffm-Höchst, BiKuZ"]
[Date "2014.05.19"]
[Round "4.41"]
[White "Larem, Peter"]
[Black "Zerhusen, Martin"]
[Result "1/2-1/2"]
[WhiteElo "1763"]
[BlackElo "1587"]
[PlyCount "117"]
[EventDate "2014.??.??"]
[WhiteTeam "SSG Rödermark/Eppertshausen"]
[BlackTeam "SV Oberursel"]

1. e4 c5 2. c3 d5 3. exd5 Qxd5 4. d4 e6 5. Nf3 Nf6 6. Be3 cxd4 7. cxd4 Be7 8.
Nc3 Qd8 9. Bd3 O-O 10. O-O a6 11. Qe2 Nc6 12. a3 Nd5 13. Nxd5 Qxd5 14. Rad1 Bf6
15. Bb1 b5 16. b4 Rd8 17. Qc2 g6 18. Ba2 Qd7 19. Ne5 Bxe5 20. dxe5 Qe8 21. Rxd8
Nxd8 22. Bg5 Nc6 23. Rd1 Bb7 24. Bf6 Rc8 25. Qd2 Rb8 26. Bb1 Ne7 27. Qd7 Qxd7
28. Rxd7 Nd5 29. Be4 Kf8 30. Bxd5 Bxd5 31. Rc7 Bb7 32. Bg5 Kg7 33. Bf6+ Kf8 34.
Bg5 Kg7 35. Be3 Bd5 36. f4 Rb7 37. Rc5 Rd7 38. Kf2 h5 39. g4 Be4 40. Rc3 Kf8
41. Bc5+ Kg7 42. Bd6 Ra7 43. g5 Bd5 44. Ke3 Bc4 45. Kd4 a5 46. bxa5 Rxa5 47.
Bb4 Ra8 48. Bd6 f5 49. Kc5 Kf7 50. Kb6 Ke8 51. Kb7 Ra4 52. Bb4 Kd7 53. Kb6 Ra8
54. Kc5 Rc8+ 55. Kd4 Ra8 56. Kc5 Ra4 57. Rc1 Ra6 58. Rd1+ Ke7 59. Rd6 1/2-1/2

[Event "Frankfurt Ch 2014"]
[Site "Ffm-Höchst, BiKuZ"]
[Date "2014.05.19"]
[Round "4.42"]
[White "Falkenhainer, Sven"]
[Black "Makilla, Tobias"]
[Result "0-1"]
[WhiteElo "1597"]
[BlackElo "1762"]
[PlyCount "38"]
[EventDate "2014.??.??"]
[WhiteTeam "SV 1946 Groß-Gerau"]
[BlackTeam "SC 1979 Hattersheim"]

1. b4 e5 2. Bb2 Bxb4 3. Bxe5 Nf6 4. e3 O-O 5. Nf3 Re8 6. Bc3 Bf8 7. Be2 d5 8.
O-O c5 9. d4 c4 10. Nbd2 b5 11. Qb1 Qb6 12. a3 a5 13. Ra2 Na6 14. Bxc4 dxc4 15.
Nxc4 Qc7 16. Qxb5 Bd7 17. Qb3 a4 18. Qb2 Rab8 19. Qa1 Qxc4 0-1

[Event "Frankfurt Ch 2014"]
[Site "Ffm-Höchst, BiKuZ"]
[Date "2014.05.19"]
[Round "4.43"]
[White "Riha, Peter"]
[Black "Hinz, André"]
[Result "1/2-1/2"]
[WhiteElo "1565"]
[BlackElo "1760"]
[PlyCount "89"]
[EventDate "2014.??.??"]
[WhiteTeam "SC Bergen-Enkheim 1922"]
[BlackTeam "VfB 07 Lettin"]

1. d4 Nf6 2. c4 e6 3. Nf3 b6 4. g3 Bb4+ 5. Bd2 Be7 6. Nc3 Bb7 7. Bg2 c6 8. O-O
O-O 9. Qc2 d5 10. b3 Nbd7 11. Rad1 Rc8 12. e4 c5 13. exd5 exd5 14. dxc5 Qc7 15.
cxd5 Bxc5 16. Qd3 Ne5 17. Nxe5 Qxe5 18. Rfe1 Qh5 19. h3 Rfd8 20. Bf4 Bb4 21.
Rc1 Bxc3 22. Rxc3 Rxc3 23. Qxc3 Rc8 24. Qd3 Bxd5 25. Re5 Rc1+ 26. Bxc1 Qxe5 27.
Bf4 Qe6 28. Bxd5 Nxd5 29. Bd2 h6 30. Kg2 a5 31. Qb5 Qe4+ 32. f3 Qd4 33. Qe8+
Kh7 34. Qe4+ Qxe4 35. fxe4 Nf6 36. Kf3 g5 37. a4 Nd7 38. Be3 Kg6 39. Bd4 f5 40.
exf5+ Kxf5 41. Be3 Ke6 42. Ke4 Nc5+ 43. Bxc5 bxc5 44. Ke3 Ke5 45. Kd3 1/2-1/2

[Event "Frankfurt Ch 2014"]
[Site "Ffm-Höchst, BiKuZ"]
[Date "2014.05.19"]
[Round "4.45"]
[White "Plattner, Rolf"]
[Black "Günther, Rainer"]
[Result "1-0"]
[WhiteElo "1740"]
[BlackElo "1572"]
[PlyCount "93"]
[EventDate "2014.??.??"]
[WhiteTeam "SK Langen"]
[BlackTeam "SV Mainz-Mombach"]

1. e4 c5 2. Nf3 d6 3. Bb5+ Bd7 4. Bxd7+ Nxd7 5. O-O Ngf6 6. Re1 e5 7. c3 c4 8.
d4 cxd3 9. Qxd3 a6 10. Nbd2 Nc5 11. Qe2 g6 12. b4 Ne6 13. g3 Bg7 14. Nf1 Rc8
15. Bd2 O-O 16. Qd3 Qd7 17. Ne3 Rfd8 18. c4 Nd4 19. Nxd4 exd4 20. Nd5 Nxd5 21.
exd5 Re8 22. Kg2 Rxe1 23. Rxe1 Re8 24. Rxe8+ Qxe8 25. a3 f5 26. f3 Qe7 27. Kf2
h5 28. Qe2 Kf8 29. Qxe7+ Kxe7 30. Ke2 b5 31. c5 dxc5 32. bxc5 Kd7 33. Kd3 Bf8
34. Kxd4 Bg7+ 35. Kd3 Bb2 36. Bb4 a5 37. c6+ Kc8 38. Bxa5 Bxa3 39. Kc3 Bd6 40.
Bb4 Be5+ 41. Kd3 h4 42. f4 hxg3 43. hxg3 Bf6 44. d6 g5 45. Bc3 Bd8 46. c7 Bxc7
47. dxc7 1-0

[Event "Frankfurt Ch 2014"]
[Site "Ffm-Höchst, BiKuZ"]
[Date "2014.05.19"]
[Round "4.46"]
[White "Diehl, Stefan"]
[Black "Mehl, Ulrich"]
[Result "1-0"]
[WhiteElo "1702"]
[BlackElo "1570"]
[PlyCount "71"]
[EventDate "2014.??.??"]
[WhiteTeam "SC 1910 Höchst"]
[BlackTeam "SAbt TSG Nieder-Erlenbach 1888"]

1. f4 d5 2. Nf3 g6 3. g3 Bg7 4. Bg2 c5 5. d3 Nf6 6. O-O O-O 7. c3 Nc6 8. Na3
Re8 9. Nh4 e6 10. e4 dxe4 11. dxe4 Qxd1 12. Rxd1 e5 13. f5 gxf5 14. exf5 Bd7
15. Be3 Bf8 16. Nb5 Red8 17. Nd6 b6 18. Bg5 Be7 19. Nb7 Rac8 20. Nxd8 Rxd8 21.
Bxc6 Bxc6 22. Rxd8+ Bxd8 23. Rd1 Be7 24. Bxf6 Bxf6 25. Rd6 Bxh4 26. Rxc6 Bg5
27. Rc7 a5 28. c4 Be3+ 29. Kf1 Bd4 30. b3 e4 31. Rc6 Kg7 32. Rxb6 f6 33. Rb5
Kh6 34. Rxa5 Kg5 35. Ra7 Kg4 36. Ke2 1-0

[Event "Frankfurt Ch 2014"]
[Site "Ffm-Höchst, BiKuZ"]
[Date "2014.05.19"]
[Round "4.47"]
[White "Kletzerman, Simon"]
[Black "Rauscher, Joachim"]
[Result "0-1"]
[WhiteElo "1512"]
[BlackElo "1697"]
[PlyCount "92"]
[EventDate "2014.??.??"]
[WhiteTeam "SAbt TuS Makkabi Ffm"]
[BlackTeam "SC Brett vorm Kopp Ffm"]

1. e4 c5 2. Nf3 d6 3. d4 cxd4 4. Nxd4 Nf6 5. Bd3 g6 6. O-O Bg7 7. h3 O-O 8. Be3
Nc6 9. c3 Bd7 10. f4 Rc8 11. Qd2 Nxd4 12. Bxd4 a6 13. Be3 Bc6 14. Qc2 Qd7 15.
Nd2 b5 16. f5 Qb7 17. Rae1 Rfe8 18. Bf2 gxf5 19. Bg3 Nh5 20. Bh2 fxe4 21. Nxe4
Qb6+ 22. Kh1 Bxe4 23. Bxe4 Nf6 24. Bg1 Qc7 25. Bd3 e5 26. Bf5 Rcd8 27. Be3 d5
28. Qf2 d4 29. cxd4 exd4 30. Bxd4 Rxe1 31. Rxe1 Qd6 32. Be5 Qd2 33. Qh4 Re8 34.
Bc3 Rxe1+ 35. Qxe1 Qf4 36. Qb1 h6 37. Bc2 b4 38. Be1 Nh5 39. Qd1 Qf1+ 40. Kh2
Be5+ 41. g3 Bxb2 42. Qd3 Qxe1 43. Qh7+ Kf8 44. Qxh6+ Ke7 45. Qg5+ Kf8 46. Bb3
Qf2+ 0-1

[Event "Frankfurt Ch 2014"]
[Site "Ffm-Höchst, BiKuZ"]
[Date "2014.05.19"]
[Round "4.48"]
[White "Leibold, Mathias"]
[Black "Manasek, Martin"]
[Result "1-0"]
[WhiteElo "1682"]
[BlackElo "1334"]
[PlyCount "125"]
[EventDate "2014.??.??"]
[WhiteTeam "SV 1926 Fechenheim"]
[BlackTeam "Bad Vilbeler Sfr. 1985"]

1. e4 c5 2. c4 Nc6 3. Nf3 e6 4. Nc3 g6 5. Be2 Bg7 6. O-O d6 7. d3 Nf6 8. Bg5
O-O 9. Qc1 a6 10. Rd1 Nd4 11. e5 Nxf3+ 12. Bxf3 dxe5 13. Ne4 Qe7 14. Qe3 h6 15.
Bxf6 Bxf6 16. Qxh6 Bg7 17. Qe3 Rb8 18. Qxc5 Qxc5 19. Nxc5 b6 20. Ne4 Bb7 21.
Rac1 Bxe4 22. dxe4 Rfd8 23. Rxd8+ Rxd8 24. c5 Rc8 25. c6 Bf8 26. Be2 Bc5 27.
Bxa6 Rxc6 28. Kf1 Rd6 29. Ke2 Kg7 30. Rc2 Bd4 31. Bb5 Rd8 32. a4 Rh8 33. h3 Rf8
34. b4 Ra8 35. Rc7 Rb8 36. Bc4 Kf6 37. h4 Ra8 38. Bb3 g5 39. hxg5+ Kg6 40. g3
Rh8 41. Kf3 Rh2 42. Rc2 Kxg5 43. a5 bxa5 44. bxa5 Rh8 45. Ra2 Ra8 46. Bc4 Rc8
47. Ra4 Ra8 48. a6 Ba7 49. Be2 f5 50. Kg2 f4 51. g4 Rd8 52. Ra5 Bd4 53. Rb5 Ra8
54. Rb7 Ra7 55. Rb8 Kg6 56. Rb7 Ra8 57. Bc4 Ra7 58. Rxa7 Bxa7 59. Bxe6 Kg5 60.
f3 Kh4 61. Kf1 Kg5 62. Ke2 Kh4 63. Kd3 1-0

[Event "Frankfurt Ch 2014"]
[Site "Ffm-Höchst, BiKuZ"]
[Date "2014.05.19"]
[Round "4.49"]
[White "Lessmann, Sven"]
[Black "Bastian, Holger"]
[Result "0-1"]
[WhiteElo "1365"]
[BlackElo "1680"]
[PlyCount "102"]
[EventDate "2014.??.??"]
[WhiteTeam "SC Bad Soden"]
[BlackTeam "Aschaffenburg- Schweinheim"]

1. d4 Nf6 2. Nf3 g6 3. c4 Bg7 4. Nc3 O-O 5. Bg5 d6 6. e3 c5 7. h3 h6 8. Bf4 Bf5
9. g4 Be4 10. Bg2 Qb6 11. Qd2 Nbd7 12. O-O g5 13. Bh2 Bg6 14. Ne1 Rfd8 15. b3
Nf8 16. Nc2 Bxc2 17. dxc5 dxc5 18. Qxc2 Ne6 19. Na4 Qa6 20. Qf5 Rac8 21. Nc3
Nf8 22. Qc2 Ng6 23. Rad1 Nd7 24. Nb5 Nde5 25. a4 Nh4 26. Rxd8+ Rxd8 27. Bxe5
Bxe5 28. Bh1 Qf6 29. Bxb7 a6 30. Na3 Bc3 31. Nb1 Ba5 32. f3 Qe5 33. Qf2 Rd3 34.
f4 Qxe3 35. Qxe3 Rxe3 36. Bxa6 Rxh3 37. fxg5 hxg5 38. Bc8 Rxb3 39. Rd1 e6 40.
Rf1 Rg3+ 41. Kf2 Rxg4 42. Rc1 Rg2+ 43. Ke3 g4 44. Bb7 Rb2 45. Be4 f5 46. Rh1
fxe4 47. Rxh4 Rxb1 48. Rxg4+ Kf7 49. Rf4+ Ke7 50. Kxe4 Rb4 51. Ke5 Bc7+ 0-1

[Event "Frankfurt Ch 2014"]
[Site "Ffm-Höchst, BiKuZ"]
[Date "2014.05.19"]
[Round "4.51"]
[White "Gelfenbaum, Daniel"]
[Black "Tiraspolski, Arkadij"]
[Result "0-1"]
[WhiteElo "1510"]
[BlackElo "1664"]
[PlyCount "58"]
[EventDate "2014.??.??"]
[WhiteTeam "SAbt TuS Makkabi Ffm"]
[BlackTeam "vereinslos"]

1. e4 e6 2. d4 d5 3. Nc3 Bb4 4. e5 c5 5. Bd2 cxd4 6. Nb5 Bc5 7. b4 a6 8. bxc5
axb5 9. Bxb5+ Nc6 10. Bxc6+ bxc6 11. Qg4 Ne7 12. Qxd4 Ba6 13. g4 O-O 14. Nf3
Bc4 15. a3 Ra4 16. Bb4 f6 17. Rg1 Ng6 18. Qe3 Qe8 19. h4 fxe5 20. Nxe5 Rf4 21.
f3 Rf6 22. Nxg6 Qxg6 23. Rc1 Ra8 24. Rg3 Re8 25. Qg5 Qf7 26. Kf2 e5 27. Re1 e4
28. f4 Rxf4+ 29. Kg2 Rf2+ 0-1

[Event "Frankfurt Ch 2014"]
[Site "Ffm-Höchst, BiKuZ"]
[Date "2014.05.19"]
[Round "4.52"]
[White "Reichel, Rolf"]
[Black "Kirschner, Matthias"]
[Result "1-0"]
[WhiteElo "1535"]
[BlackElo "1511"]
[PlyCount "115"]
[EventDate "2014.??.??"]
[WhiteTeam "SF Frankfurt 1921"]
[BlackTeam "SV 1997 Nauheim"]

1. e4 d6 2. d4 Nf6 3. Nc3 e5 4. dxe5 dxe5 5. Qxd8+ Kxd8 6. Nf3 Bd6 7. Bg5 h6 8.
Bxf6+ gxf6 9. O-O-O Be6 10. Nd5 Nd7 11. Bc4 Rb8 12. Bb3 Be7 13. Rd2 Bd6 14.
Rhd1 Bxd5 15. Rxd5 Ke7 16. Nh4 Nb6 17. Nf5+ Kf8 18. R5d3 Be7 19. a4 a5 20. Rh3
Bc5 21. Rd2 h5 22. Ng3 Ke7 23. Nf5+ Kf8 24. g4 h4 25. Rhd3 Be7 26. Rh3 Rd8 27.
Rxd8+ Bxd8 28. Rxh4 Rxh4 29. Nxh4 Nd7 30. c3 c6 31. Kd2 Nc5 32. Bc2 Ne6 33. Nf5
Bc7 34. b4 axb4 35. cxb4 Bb6 36. Nd6 Bxf2 37. Nxb7 Nd4 38. a5 Ke7 39. Bd1 Ne6
40. Ke2 Bd4 41. Kd3 Kd7 42. Kc4 Kc7 43. Nc5 Nxc5 44. bxc5 Be3 45. Bb3 Kb7 46.
h4 Ka6 47. Ba4 Kb7 48. a6+ Kxa6 49. Bxc6 Ka7 50. Kd5 Bh6 51. Bb5 Kb7 52. Be8
Kc7 53. Bxf7 Bg7 54. c6 Bf8 55. Be8 Kd8 56. Ke6 f5 57. gxf5 Be7 58. c7+ 1-0

[Event "Frankfurt Ch 2014"]
[Site "Ffm-Höchst, BiKuZ"]
[Date "2014.05.19"]
[Round "4.53"]
[White "Hartmann, Stephan"]
[Black "Schindehütte, Frank"]
[Result "1/2-1/2"]
[WhiteElo "1516"]
[BlackElo "1507"]
[PlyCount "96"]
[EventDate "2014.??.??"]
[WhiteTeam "SG Turm Idstein"]
[BlackTeam "SAbt VfL Goldstein"]

1. c4 e5 2. Nc3 Nf6 3. g3 Bc5 4. Bg2 O-O 5. d3 d6 6. h3 c6 7. Bg5 Qb6 8. e3
Qxb2 9. Qc1 Qxc1+ 10. Rxc1 Ne8 11. e4 f5 12. Be3 Bxe3 13. fxe3 Na6 14. Nge2 Nb4
15. Rd1 Rf6 16. a3 Na6 17. O-O Nc5 18. exf5 Bxf5 19. d4 Nd7 20. e4 Bg6 21. Rxf6
gxf6 22. g4 Nb6 23. c5 dxc5 24. dxc5 Nc4 25. a4 b6 26. cxb6 axb6 27. Ng3 Ncd6
28. Nf5 Bxf5 29. exf5 Rc8 30. Rc1 c5 31. Nd5 Rb8 32. Ne7+ Kf8 33. Nd5 Kf7 34.
Rb1 Nc8 35. Bf1 Ned6 36. Nc7 Rb7 37. Nd5 c4 38. Rb4 b5 39. axb5 Rxb5 40. Rxb5
Nxb5 41. Bxc4 Ncd6 42. Ba2 Kg7 43. Kg2 h5 44. Kg3 hxg4 45. Kxg4 Ne4 46. Kf3
Ng5+ 47. Kg4 Nd6 48. Bb1 Kf7 1/2-1/2

[Event "Frankfurt Ch 2014"]
[Site "Ffm-Höchst, BiKuZ"]
[Date "2014.05.19"]
[Round "4.54"]
[White "Lehmann, Gerit"]
[Black "Muthig, Holger"]
[Result "1/2-1/2"]
[WhiteElo "1492"]
[BlackElo "1588"]
[PlyCount "104"]
[EventDate "2014.??.??"]
[WhiteTeam "SF Frankfurt 1921"]
[BlackTeam "vereinslos"]

1. d4 d5 2. c4 c6 3. Nc3 Nf6 4. Nf3 g6 5. cxd5 cxd5 6. Bf4 Bg7 7. h3 O-O 8. e3
a6 9. Bd3 b5 10. Qb3 Bb7 11. O-O Nbd7 12. a4 Bc6 13. axb5 Qb6 14. Ra3 axb5 15.
Bxb5 Rxa3 16. bxa3 Bxb5 17. Qxb5 Qxb5 18. Nxb5 Nb6 19. Rc1 Nc4 20. Ne5 Rc8 21.
Nxc4 dxc4 22. Nc3 Nd7 23. Bg3 e6 24. Bd6 Nb6 25. Rb1 Nd5 26. Nxd5 exd5 27. Kf1
Bf8 28. Bxf8 Kxf8 29. Ke2 Ra8 30. Ra1 Ke7 31. f3 f5 32. e4 fxe4 33. fxe4 dxe4
34. Ke3 Kd6 35. Kxe4 Re8+ 36. Kf3 Kd5 37. a4 Kxd4 38. Rd1+ Kc3 39. a5 Kb2 40.
Rd2+ Kb3 41. Rd7 c3 42. Rb7+ Kc2 43. a6 Ra8 44. a7 Kc1 45. Ke2 c2 46. Rc7 Re8+
47. Kd3 Rd8+ 48. Kc3 Re8 49. Kb3 Re3+ 50. Rc3 Rxc3+ 51. Kxc3 Kd1 52. a8=Q c1=Q+
1/2-1/2

[Event "Frankfurt Ch 2014"]
[Site "Ffm-Höchst, BiKuZ"]
[Date "2014.05.19"]
[Round "4.55"]
[White "Bock, Mario"]
[Black "van Bömmel, Philipp"]
[Result "1-0"]
[WhiteElo "1575"]
[BlackElo "1511"]
[PlyCount "35"]
[EventDate "2014.??.??"]
[WhiteTeam "SF Frankfurt 1921"]
[BlackTeam "SC 1979 Hattersheim"]

1. e4 c5 2. Nf3 a6 3. d4 cxd4 4. Nxd4 Nf6 5. Bd3 Nc6 6. Nf3 e5 7. O-O h6 8. Re1
Bc5 9. h3 O-O 10. c3 b5 11. Nbd2 Re8 12. Nf1 d5 13. Ng3 Be6 14. b3 Rc8 15. Bb2
Bd6 16. Rc1 Qa5 17. Bb1 Ba3 18. b4 1-0